Obras dramáticas / (Record no. 170574)

MARC details
000 -LEADER
campo de control de longitud fija 00963nam a2200265 i 4500
001 - NÚMERO DE CONTROL
campo de control 170574
003 - IDENTIFICADOR DE NÚMERO DE CONTROL
campo de control ES-MaACL
005 - FECHA Y HORA DE LA ÚLTIMA TRANSACCIÓN
campo de control 20250822061906.0
007 - CAMPO FIJO DE DESCRIPCIÓN FÍSICA--INFORMACIÓN GENERAL
campo de control de longitud fija t|
008 - DATOS DE LONGITUD FIJA--INFORMACIÓN GENERAL
campo de control de longitud fija 090318s1972 sp ||||1| spa d
080 ## - NÚMERO DE LA CLASIFICACIÓN DECIMAL UNIVERSAL
Número de la Clasificación Decimal Universal 821.134.2-24"18"
100 1# - ENTRADA PRINCIPAL--NOMBRE DE PERSONA
Nombre de persona Martínez de la Rosa, Francisco,
Fechas asociadas al nombre 1787-1862
9 (RLIN) 78009
245 10 - MENCIÓN DEL TÍTULO
Título Obras dramáticas /
Mención de responsabilidad, etc. Martínez de la Rosa ; edición, introducción y notas de Jean Sarrailh.
260 ## - PUBLICACIÓN, DISTRIBUCIÓN, ETC.
Lugar de publicación, distribución, etc. Madrid :
Nombre del editor, distribuidor, etc. Espasa-Calpe,
Fecha de publicación, distribución, etc. 1972.
300 ## - DESCRIPCIÓN FÍSICA
Extensión XXXII, 348 p. ;
Dimensiones 20 cm.
490 1# - MENCIÓN DE SERIE
Mención de serie Clásicos castellanos ;
Designación de volumen o secuencia 107
505 8# - NOTA DE CONTENIDO CON FORMATO
Nota de contenido con formato Contiene: La viuda de Padilla ; Aben Humeya ; La conjuración de Venecia.
700 1# - ENTRADA AGREGADA--NOMBRE PERSONAL
Nombre de persona Sarrailh, Jean.
9 (RLIN) 103846
740 32 - ENTRADA AGREGADA--TÍTULO RELACIONADO/ANALÍTICO NO CONTROLADO
Título relacionado o analítico no controlado La viuda de Padilla.
740 02 - ENTRADA AGREGADA--TÍTULO RELACIONADO/ANALÍTICO NO CONTROLADO
Título relacionado o analítico no controlado Aben Humeya.
740 32 - ENTRADA AGREGADA--TÍTULO RELACIONADO/ANALÍTICO NO CONTROLADO
Título relacionado o analítico no controlado La conjuración de Venecia.
830 10 - PUNTO DE ACCESO ADICIONAL DE SERIE-TÍTULO UNIFORME
Título uniforme Clásicos castellanos (Espasa-Calpe)
Designación de volumen o secuencia 107
9 (RLIN) 183802
852 4# - LOCALIZACIÓN
Ubicación ES-MaACL
Número de control de estantería E-12534
Nota libre - Biblioteca Jacinto Martínez Lacalle
Holdings
Estatus retirado Estado de pérdida Estado de daño No para préstamo Biblioteca de origen Biblioteca actual Ubicación en estantería Fecha de adquisición Fuente de adquisición Total de préstamos Signatura topográfica completa Código de barras Visto por última vez Precio de reemplazo Tipo de ítem Koha
        Biblioteca del Ateneo de Madrid Biblioteca del Ateneo de Madrid Depósito 2 18/03/2009     E-12534 1179006 23/02/2023 23/02/2023 Libro impreso